000 00662nam a2200205Ia 4500
003 Ost
005 20260507075639.0
008 260507s9999||||xx |||||||||||||| ||und||
040 _cfsecg
041 _aara
082 _a332.642
100 _aحنفي، عبد الغفار
_eمؤلف
245 0 _aالبورصات والمؤسسات المالية /
_c عبد الغفار حنفي
260 _aالاسكندرية:
_bالدار الجامعية,
_c2002
300 _a460 صفحة؛
653 _aالبورصات
653 _aالمؤسسات المالية
700 _aقرياقص، رسمية زكي
_eمؤلف ثانوي
942 _cكتاب
999 _c45374
_d45374